00552 a2200181 450000100060000002000060000604000220001210000400003424000630007424500580013730000060019536200090020144000230021065000240023394200070025795200890026499900170035354280 a  cAnchieta - Pituba aSilva, Ana Paula Rocha Rodrigues da10a2ª Avaliação de Língua Portuguesa, III Unidadelpor10a2ª Avaliação de Língua Portuguesa, III Unidade a90 a2016 1aColégio Anchieta 4aLíngua Portuguesa cBK 00104070a91.1b91.1d2023-11-21l0p3653/PITr2023-11-21 18:22:04w2023-11-21yBK c54280d54280